Statistical methods for economics / (Record no. 11141)

MARC details
000 -LEADER
fixed length control field 00618nam a22002057a 4500
005 - DATE AND TIME OF LATEST TRANSACTION
control field 20211026113649.0
008 - FIXED-LENGTH DATA ELEMENTS--GENERAL INFORMATION
fixed length control field 210219b ||||| |||| 00| 0 eng d
020 ## - INTERNATIONAL STANDARD BOOK NUMBER
International Standard Book Number 9789386053343
040 ## - CATALOGING SOURCE
Original cataloging agency IN-DiNC
Transcribing agency IN-DiNC
041 ## - LANGUAGE CODE
Language code of sung or spoken text English
082 ## - DEWEY DECIMAL CLASSIFICATION NUMBER
Classification number 330.015195
Item number SIN
100 ## - MAIN ENTRY--PERSONAL NAME
Personal name Singh, Raj Bahadur
Relator term Author
245 ## - TITLE STATEMENT
Title Statistical methods for economics /
Statement of responsibility, etc. by Raj Bahadur Singh, Mohd. Wasim Ahmed and Narendra Sharma
260 ## - PUBLICATION, DISTRIBUTION, ETC.
Place of publication, distribution, etc. New Delhi:
Name of publisher, distributor, etc. Wisdom press,
Date of publication, distribution, etc. 2018
300 ## - PHYSICAL DESCRIPTION
Extent v, 222p.
650 ## - SUBJECT ADDED ENTRY--TOPICAL TERM
Topical term or geographic name entry element Econometrics
700 ## - ADDED ENTRY--PERSONAL NAME
Personal name Ahmed, Mohd. Wasim
Relator term Author
700 ## - ADDED ENTRY--PERSONAL NAME
Personal name Sharma, Narendra
Relator term Author
942 ## - ADDED ENTRY ELEMENTS (KOHA)
Source of classification or shelving scheme Dewey Decimal Classification
Koha item type Books
Holdings
Withdrawn status Lost status Source of classification or shelving scheme Damaged status Not for loan Collection code Home library Current library Shelving location Date acquired Cost, normal purchase price Total Checkouts Full call number Barcode Date last seen Date last checked out Copy number Price effective from Koha item type
    Dewey Decimal Classification     Economics Central Library, Naharkatiya College Central Library, Naharkatiya College General Stacks 19/02/2021 1195.00 5 330.015195 SIN 26490 24/06/2023 21/06/2023 1 19/02/2021 Books
    Dewey Decimal Classification     Economics Central Library, Naharkatiya College Central Library, Naharkatiya College General Stacks 26/10/2021 1195.00 3 330.015195 SIN 26489 16/08/2023 02/08/2023 2 26/10/2021 Books

Naharkatiya College © 2020. All rights reserved.

Powered By